000 00531nam a22001817a 4500
005 20251108164752.0
008 250721s1985 xx 000 0 ara d
082 1 4 _a811.9565/إبر
100 1 _aالخطيب، إبراهيم
245 1 0 _aقناديل للنهار المطفأ :
_bشعر /
264 1 _aعمان :
_bدار ابن رشد للنشر،
_c1985.
300 _a103ص.
650 1 7 _aالشعر العربي
650 1 7 _aالأردن
650 1 7 _aالعصر الحديث
942 _2ddc
_cBK
999 _c13891
_d13891